000 00646nam a22002057a 4500
003 BUBTL
008 171204b xxu||||| |||| 00| 0 eng d
020 _a0-8031-1401-X
082 _a620.1'126BRA
100 _91592
_aBraun,Arthur A.
245 _aApplications of Automation to Technology Fatigue and Fracture Testing :
_cArthur A. Braun,Noel E. Ashbaugh,Fraser M. Smith
260 _aPhiladelphia :
_bASTM,
_cc1990
300 _a296 p. :
_bill. ;
_c23 cm.
650 0 _9239
_aEEE
700 _91593
_aAshbaugh,Noel E.
700 _91594
_aSmith,Fraser M.
856 _k0
_l0
_yDownload
942 _2ddc
_cBK
999 _c5581
_d5581